书目信息 |
| 题名: |
细胞与分子生物学
|
|
| 作者: | 苏荣健 , 王顺 主编 | |
| 分册: | ||
| 出版信息: | 北京 科学出版社 2015.06 |
|
| 页数: | 334页 | |
| 开本: | 26cm | |
| 丛书名: | ||
| 单 册: | ||
| 中图分类: | Q2 , Q7 | |
| 科图分类: | ||
| 主题词: | 细胞生物学--高等教育--教材 , 分子生物学--高等教育--教材 | |
| 电子资源: | ||
| ISBN: | 978-7-03-043467-8 | |
| 000 | 00995nam0 2200265 450 | |
| 001 | 3588 | |
| 005 | 20181008092616.53 | |
| 010 | @a978-7-03-043467-8@dCNY65.00 | |
| 100 | @a20150727d2015 em y0chiy50 ea | |
| 101 | 0 | @achi |
| 102 | @aCN@b110000 | |
| 105 | @aa z 000yy | |
| 200 | 1 | @a细胞与分子生物学@9xi bao yu fen zi sheng wu xue@b专著@f苏荣健,王顺主编 |
| 210 | @a北京@c科学出版社@d2015.06 | |
| 215 | @a334页@c图@d26cm | |
| 300 | @a普通高等教育“十二五”规划教材 护理学专业器官系统教学创新教材 | |
| 330 | @a本书共分为12章,包括细胞生物学基础,人体的分子组成,人体内能量代谢,糖代谢,脂类代谢,氨基酸代谢,核苷酸代谢,物质及能量代谢的调节,基因信息传递,细胞信号传导,遗传性疾病,遗传病的诊断、治疗与预防咨询。 | |
| 606 | 0 | @a细胞生物学@x高等教育@j教材 |
| 606 | 0 | @a分子生物学@x高等教育@j教材 |
| 690 | @aQ2@v5 | |
| 690 | @aQ7@v5 | |
| 701 | 0 | @a苏荣健@9su rong jian@f(1971~)@4主编 |
| 701 | 0 | @a王顺@9wang shun@4主编 |
| 801 | 0 | @aCN@b91MARC@c20160705 |
| 905 | @aMuseLib@dQ2@e56 | |
| 细胞与分子生物学/苏荣健,王顺主编.-北京:科学出版社,2015.06 |
| 334页:图;26cm |
| 普通高等教育“十二五”规划教材 护理学专业器官系统教学创新教材 |
| ISBN 978-7-03-043467-8:CNY65.00 |
| 本书共分为12章,包括细胞生物学基础,人体的分子组成,人体内能量代谢,糖代谢,脂类代谢,氨基酸代谢,核苷酸代谢,物质及能量代谢的调节,基因信息传递,细胞信号传导,遗传性疾病,遗传病的诊断、治疗与预防咨询。 |
| ● |
| 相关链接 |
|
|
|
|
正题名:细胞与分子生物学
索取号:Q2/56
 
预约/预借
| 序号 | 登录号 | 条形码 | 馆藏地/架位号 | 状态 | 备注 |
| 1 | 1122742 | 211227420 | 第二样本阅览室/ [索取号:Q2/56] | 在馆 | |
| 2 | 1122743 | 211227439 | 第三借阅区/ [索取号:Q2/56] | 在馆 | |
| 3 | 1122744 | 211227448 | 第三借阅区/ [索取号:Q2/56] | 在馆 | |
| 4 | 1122745 | 211227457 | 第三借阅区/ [索取号:Q2/56] | 在馆 | |
| 5 | 1122746 | 211227466 | 密集书库-生命科学系/ [索取号:Q2/56] | 在馆 |